[Event "1st FIDE OWCCCC Pools-East 2021"]
[Site "Online"]
[Date "2021.02.19"]
[Round "1.22"]
[White "Stysiak, Szymon"]
[Black "Shamandalie"]
[Result "1-0"]
[WhiteElo "2193"]
[BlackElo "1502"]
[Annotator "NA"]
[PlyCount "77"]
[EventDate "2021.02.19"]
[EventType "team-tourn"]
[EventCountry "NET"]
[SourceTitle "playchess.com"]
[Source "ChessBase"]
[SourceQuality "1"]

1. d4 Nf6 2. c4 e5 3. dxe5 Ng4 4. Bf4 Nc6 5. Nf3 Bb4+ 6. Nbd2 Qe7 7. a3 Ngxe5 8. Nxe5 Nxe5 9. e3 Bxd2+ 10. Qxd2 d6 11. Be2 Bf5 12. Rc1 O-O 13. O-O Rac8 14. Qc3 Rfd8 15. b4 f6 16. Bg3 Kh8 17. Rfe1 Qe6 18. f3 Re8 19. e4 Bg6 20. f4 Nxc4 21. Bxc4 Qd7 22. Qd4 a6 23. e5 fxe5 24. fxe5 d5 25. Qxd5 Qxd5 26. Bxd5 c6 27. Bf3 Rc7 28. Rcd1 Rce7 29. Rd6 h6 30. Red1 Bc2 31. R1d2 Bb3 32. Rd7 Kg8 33. Rxe7 Rxe7 34. Bh5 Kh7 35. Rd6 Bc2 36. Be2 Bb3 37. Bd3+ Kg8 38. Bg6 Bf7 39. Rd8+ 1-0

[Event "1st FIDE OWCCCC Pools-East 2021"]
[Site "Online"]
[Date "2021.02.19"]
[Round "1.22"]
[White "Gennaro, Isabella"]
[Black "Novosadova, Kristyna"]
[Result "0-1"]
[WhiteElo "1801"]
[BlackElo "2138"]
[Annotator "NA"]
[PlyCount "164"]
[EventDate "2021.02.19"]
[EventType "team-tourn"]
[EventCountry "NET"]
[SourceTitle "playchess.com"]
[Source "ChessBase"]
[SourceQuality "1"]

1. e4 e5 2. Nf3 Nc6 3. Bb5 f5 4. Nc3 fxe4 5. Nxe4 Nf6 6. d3 Bb4+ 7. c3 Be7 8. O-O O-O 9. h3 d5 10. Nxf6+ Bxf6 11. Re1 Qe8 12. Qe2 Qg6 13. Bxc6 bxc6 14. Nxe5 Bxe5 15. Qxe5 Bxh3 16. Qh2 Bf5 17. Bf4 Bxd3 18. Bxc7 Be4 19. Re3 Qf5 20. Rf1 Bd3 21. Rf3 Qe4 22. Rc1 Rxf3 23. gxf3 Qxf3 24. Qg3 Qxg3+ 25. fxg3 Re8 26. Kf2 Re2+ 27. Kf3 Rxb2 28. a3 Be4+ 29. Kf4 Kf7 30. Ke5 Rf2 31. Kd6 Rf6+ 32. Kc5 Ke8 33. Bb8 g5 34. Bxa7 h5 35. Bb8 Kd7 36. a4 Rf8 37. Be5 Ra8 38. Ra1 Ke6 39. Bd6 Ra6 40. a5 Kf5 41. Bc7 Kg4 42. Rf1 Bf3 43. Rb1 Be2 44. Rb4+ Kf3 45. Rb6 Rxa5+ 46. Kxc6 Ra3 47. Be5 Bc4 48. Rb8 Ra6+ 49. Kd7 Rg6 50. Rf8+ Ke4 51. Bc7 h4 52. gxh4 g4 53. Rf4+ Kd3 54. h5 Rg7+ 55. Kd8 Kc2 56. h6 Rg8+ 57. Kd7 Be2 58. h7 Rh8 59. Rf7 Bd3 60. Rg7 Rxh7 61. Rxh7 Bxh7 62. Be5 Kd3 63. Kd6 Ke4 64. Ke6 Bg8+ 65. Kd6 Kf3 66. Kc5 g3 67. Bd4 g2 68. c4 dxc4 69. Kb4 Ke2 70. Bg1 Kf1 71. Bd4 g1=Q 72. Bxg1 Kxg1 73. Kc3 Kf1 74. Kd4 Ke2 75. Kc3 Ke3 76. Kc2 Kd4 77. Kd2 c3+ 78. Kc2 Bh7+ 79. Kc1 Kc4 80. Kd1 Kb3 81. Kc1 Bg6 82. Kd1 Kb2 0-1

[Event "1st FIDE OWCCCC Pools-East 2021"]
[Site "Online"]
[Date "2021.02.19"]
[Round "1.22"]
[White "Giri, Ganesh"]
[Black "Maghalashvili, Davit"]
[Result "0-1"]
[WhiteElo "1362"]
[BlackElo "2456"]
[Annotator "ChessBase"]
[PlyCount "76"]
[EventDate "2021.02.19"]
[EventType "team-tourn"]
[EventCountry "NET"]
[SourceTitle "playchess.com"]
[Source "ChessBase"]
[SourceQuality "1"]

1. e4 c5 2. d4 cxd4 3. c3 Nf6 4. Nf3 Nxe4 5. Qe2 d5 6. cxd4 Nc6 7. Nc3 Nxc3 8. bxc3 e6 9. Qd3 Be7 10. Be2 O-O 11. O-O b6 12. Rd1 a5 13. Qc2 Ba6 14. Bxa6 Rxa6 15. Qa4 Na7 16. Bf4 b5 17. Qb3 Qc8 18. a4 Qc4 19. Qc2 b4 20. Rdc1 Nc6 21. cxb4 Qxc2 22. Rxc2 axb4 23. Nd2 Nxd4 24. Rc7 Bd8 25. Bg3 Ne2+ 26. Kf1 Nxg3+ 27. hxg3 Bxc7 28. Nb3 Rfa8 29. Nc5 Ra5 30. Nb3 Rxa4 31. Rxa4 Rxa4 32. Ke2 Ra3 33. Nc1 b3 34. Nd3 b2 35. Nxb2 Ra2 36. Ke3 Bb6+ 37. Kf3 Rxb2 38. g4 Rxf2+ 0-1

[Event "1st FIDE OWCCCC Pools-East 2021"]
[Site "Online"]
[Date "2021.02.19"]
[Round "1.22"]
[White "Lakra, Sumita"]
[Black "Slovak, Pavel"]
[Result "0-1"]
[WhiteElo "791"]
[BlackElo "1991"]
[Annotator "NA"]
[PlyCount "44"]
[EventDate "2021.02.19"]
[EventType "team-tourn"]
[EventCountry "NET"]
[SourceTitle "playchess.com"]
[Source "ChessBase"]
[SourceQuality "1"]

1. e4 c5 2. Nc3 e6 3. Nf3 a6 4. d4 cxd4 5. Nxd4 Qc7 6. g3 Nf6 7. Bf4 d6 8. Bc4 e5 9. Nd5 Nxd5 10. Bxd5 exf4 11. gxf4 Nc6 12. Bxc6+ bxc6 13. e5 dxe5 14. Qe2 Be7 15. fxe5 O-O 16. c3 Bg5 17. Rg1 Bh6 18. e6 fxe6 19. Nxe6 Bxe6 20. Qxe6+ Qf7 21. Qxc6 Qxf2+ 22. Kd1 Qd2# 0-1

[Event "1st FIDE OWCCCC Pools-East 2021"]
[Site "Online"]
[Date "2021.02.19"]
[Round "1.23"]
[White "Babu, Rajesh"]
[Black "Pardo Simon, David"]
[Result "0-1"]
[WhiteElo "1335"]
[BlackElo "2461"]
[Annotator "ChessBase"]
[PlyCount "102"]
[EventDate "2021.02.19"]
[EventType "team-tourn"]
[EventCountry "NET"]
[SourceTitle "playchess.com"]
[Source "ChessBase"]
[SourceQuality "1"]

1. e4 e5 2. Bc4 Nf6 3. d3 c6 4. Bg5 h6 5. Bxf6 Qxf6 6. Qf3 Qxf3 7. Nxf3 d6 8. O-O Be7 9. h3 b5 10. Bb3 Na6 11. a3 Nc5 12. Ba2 a5 13. Nbd2 Rf8 14. Nb3 Na4 15. Rab1 b4 16. Nbd2 bxa3 17. bxa3 Nc3 18. Rb2 Nxa2 19. Rxa2 Rb8 20. a4 Be6 21. Raa1 Kd7 22. Rfb1 f6 23. Rxb8 Rxb8 24. Rb1 Rxb1+ 25. Nxb1 d5 26. Nbd2 Bb4 27. Kf1 Kd6 28. Ke2 Bxd2 29. Kxd2 Kc5 30. c3 dxe4 31. dxe4 Bb3 32. Nh4 Bxa4 33. Nf5 Bb5 34. Nxg7 Bf1 35. g3 Bxh3 36. Nf5 Bxf5 37. exf5 e4 38. g4 a4 39. Kc2 Kc4 40. Kb2 Kd3 41. c4 Ke2 42. Ka3 Kxf2 43. Kxa4 e3 44. Ka5 e2 45. Kb6 e1=Q 46. Kxc6 Qe4+ 47. Kb5 Qxg4 48. Kb4 Ke3 49. Kb5 Kd4 50. c5 Qxf5 51. Kb6 Qxc5+ 0-1

[Event "1st FIDE OWCCCC Pools-East 2021"]
[Site "Online"]
[Date "2021.02.19"]
[Round "1.23"]
[White "Hartog, Bjorn"]
[Black "Ballmer, Mirko"]
[Result "0-1"]
[WhiteElo "1149"]
[BlackElo "2039"]
[Annotator "NA"]
[PlyCount "42"]
[EventDate "2021.02.19"]
[EventType "team-tourn"]
[EventCountry "NET"]
[SourceTitle "playchess.com"]
[Source "ChessBase"]
[SourceQuality "1"]

1. e4 d5 2. exd5 Qxd5 3. Nc3 Qa5 4. Nf3 c6 5. Be2 Bf5 6. d3 e6 7. O-O Bd6 8. Be3 Nf6 9. Re1 O-O 10. Qd2 Nbd7 11. d4 Rad8 12. Nh4 Bb8 13. Bg5 h6 14. Nxf5 Qxf5 15. Bxf6 Nxf6 16. Rad1 c5 17. Bd3 Qh5 18. f4 Rxd4 19. Ne4 Nxe4 20. Rxe4 Rfd8 21. Rxd4 Rxd4 0-1

[Event "1st FIDE OWCCCC Pools-East 2021"]
[Site "Online"]
[Date "2021.02.19"]
[Round "1.24"]
[White "Babineca, Darja"]
[Black "Shital, Shiva"]
[Result "1-0"]
[WhiteElo "1756"]
[BlackElo "397"]
[Annotator "NA"]
[PlyCount "27"]
[EventDate "2021.02.19"]
[EventType "team-tourn"]
[EventCountry "NET"]
[SourceTitle "playchess.com"]
[Source "ChessBase"]
[SourceQuality "1"]

1. e4 g5 2. d4 b5 3. Bxg5 h6 4. Bf4 Nc6 5. Bxb5 Nb8 6. Nc3 Bg7 7. Nd5 Bxd4 8. Bxc7 Bxf2+ 9. Kxf2 Na6 10. Bxd8 Kxd8 11. Bxa6 Bxa6 12. Qd4 Bb5 13. Qxh8 Bc4 14. Qxg8# 1-0

[Event "1st FIDE OWCCCC Pools-East 2021"]
[Site "Online"]
[Date "2021.02.19"]
[Round "1.24"]
[White "Tartaglia ciampi, Simone"]
[Black "Sobek, Martin"]
[Result "0-1"]
[WhiteElo "934"]
[BlackElo "1914"]
[Annotator "TA"]
[PlyCount "106"]
[EventDate "2021.02.19"]
[EventType "team-tourn"]
[EventCountry "NET"]
[SourceTitle "playchess.com"]
[Source "ChessBase"]
[SourceQuality "1"]

1. d4 Nf6 2. e3 d5 3. Nc3 Bf5 4. Bd3 Bxd3 5. Qxd3 e6 6. Nf3 Nbd7 7. e4 dxe4 8. Nxe4 Nxe4 9. Qxe4 c6 10. Bg5 Be7 11. O-O Bxg5 12. Nxg5 Qxg5 13. Rae1 O-O 14. f4 Qd5 15. f5 Qxe4 16. Rxe4 exf5 17. Rxf5 Rfe8 18. Rg4 Re7 19. Rfg5 g6 20. h3 Rae8 21. Ra5 a6 22. h4 Re4 23. Rxe4 Rxe4 24. g3 Rxd4 25. Rg5 Rd1+ 26. Kh2 Rd2+ 27. Kh3 Rxc2 28. h5 Kg7 29. Ra5 Rxb2 30. Rg5 Rb5 31. Kh4 Rxg5 32. Kxg5 h6+ 33. Kh4 c5 34. g4 c4 35. a4 c3 36. g5 hxg5+ 37. Kxg5 gxh5 38. Kf5 c2 39. Ke4 c1=Q 40. Kd5 Qd1+ 41. Kc4 Qxa4+ 42. Kd5 Qc6+ 43. Kd4 Qb5 44. Ke4 Qc5 45. Kf4 Qe5+ 46. Kf3 Qd4 47. Kg3 Qe4 48. Kh2 Qg4 49. Kh1 Kf6 50. Kh2 Ke5 51. Kh1 Ke4 52. Kh2 Kf3 53. Kh1 Qg2# 0-1

[Event "1st FIDE OWCCCC Pools-East 2021"]
[Site "Online"]
[Date "2021.02.19"]
[Round "1.25"]
[White "Manini, Paolo"]
[Black "Lanchava, Tea"]
[Result "0-1"]
[WhiteElo "1727"]
[BlackElo "2214"]
[Annotator "NA RC"]
[PlyCount "52"]
[EventDate "2021.02.19"]
[EventType "team-tourn"]
[EventCountry "NET"]
[SourceTitle "playchess.com"]
[Source "ChessBase"]
[SourceQuality "1"]

1. d4 d6 2. c4 g6 3. Nc3 Bg7 4. e4 Nd7 5. Nf3 c6 6. Be2 e5 7. Be3 Nh6 8. h3 f6 9. Qd2 Nf7 10. d5 c5 11. O-O O-O 12. a3 f5 13. exf5 gxf5 14. Bg5 Nf6 15. Rac1 e4 16. Nh2 Nxg5 17. Qxg5 h6 18. Qg6 Bd7 19. b4 b6 20. Nb5 Qe7 21. Rfe1 a6 22. Nc3 Nh7 23. Nd1 Kh8 24. Ne3 Rf6 25. Qh5 f4 26. Nf5 Rxf5 0-1

[Event "1st FIDE OWCCCC Pools-East 2021"]
[Site "Online"]
[Date "2021.02.19"]
[Round "1.25"]
[White "Panse, Frank"]
[Black "Fischer, Andre"]
[Result "0-1"]
[WhiteElo "1498"]
[BlackElo "2279"]
[Annotator "NA"]
[PlyCount "108"]
[EventDate "2021.02.19"]
[EventType "team-tourn"]
[EventCountry "NET"]
[SourceTitle "playchess.com"]
[Source "ChessBase"]
[SourceQuality "1"]

1. e4 c5 2. c3 Nf6 3. e5 Nd5 4. d4 cxd4 5. cxd4 d6 6. Nf3 Nc6 7. Bc4 Nb6 8. Bb5 dxe5 9. Nxe5 Bd7 10. Nxd7 Qxd7 11. O-O e6 12. Re1 Be7 13. Nc3 O-O 14. Be3 Rfd8 15. Qf3 Rac8 16. Ne4 Nxd4 17. Bxd4 Qxd4 18. Rab1 Nd5 19. Red1 Qe5 20. Re1 Qf4 21. Be2 Qxf3 22. Bxf3 Rc2 23. Bd1 Rc7 24. Bb3 h6 25. Red1 Rcd7 26. Rbc1 f5 27. Nc5 Bxc5 28. Rxc5 Kf7 29. g3 Kf6 30. Bxd5 exd5 31. Kg2 Rd6 32. Kf3 b6 33. Rc7 R8d7 34. Rc8 Re6 35. Rd2 Re4 36. Rc3 g5 37. Rcd3 Ke6 38. h3 h5 39. a3 g4+ 40. hxg4 hxg4+ 41. Kg2 d4 42. f3 gxf3+ 43. Rxf3 d3 44. Rfxd3 Rxd3 45. Rxd3 Re2+ 46. Kf3 Rxb2 47. Re3+ Kf6 48. Kf4 Rf2+ 49. Rf3 Rxf3+ 50. Kxf3 Kg5 51. a4 a6 52. Kf2 b5 53. axb5 axb5 54. Kf3 b4 0-1

[Event "1st FIDE OWCCCC Pools-East 2021"]
[Site "Online"]
[Date "2021.02.19"]
[Round "1.26"]
[White "Blodig, Constantin"]
[Black "Petzl, Dorothee"]
[Result "1-0"]
[WhiteElo "2105"]
[BlackElo "816"]
[Annotator "NA"]
[PlyCount "57"]
[EventDate "2021.02.19"]
[EventType "team-tourn"]
[EventCountry "NET"]
[SourceTitle "playchess.com"]
[Source "ChessBase"]
[SourceQuality "1"]

1. e4 b6 2. Nc3 Bb7 3. Nf3 Nc6 4. d4 d6 5. Bc4 Qd7 6. O-O O-O-O 7. Bxf7 Nf6 8. d5 Na5 9. Be6 Qxe6 10. dxe6 g6 11. Re1 Rg8 12. Nd5 Ng4 13. Ng5 Bg7 14. Qxg4 Rgf8 15. Nxe7+ Kb8 16. Nd5 c6 17. e7 cxd5 18. exd8=Q+ Rxd8 19. Ne6 Bf6 20. Nxd8 Bxd8 21. Qd7 Nc6 22. exd5 Bc8 23. Qxd6+ Bc7 24. Qxc6 a6 25. d6 Bxd6 26. Qxd6+ Kb7 27. Re7+ Ka8 28. Bf4 Bb7 29. Qb8# 1-0

[Event "1st FIDE OWCCCC Pools-East 2021"]
[Site "Online"]
[Date "2021.02.19"]
[Round "1.26"]
[White "Anwar, Morad Magdy"]
[Black "Pal, Shashank"]
[Result "1-0"]
[WhiteElo "2020"]
[BlackElo "1654"]
[Annotator "NA"]
[PlyCount "69"]
[EventDate "2021.02.19"]
[EventType "team-tourn"]
[EventCountry "NET"]
[SourceTitle "playchess.com"]
[Source "ChessBase"]
[SourceQuality "1"]

1. d4 d6 2. e4 Nf6 3. Nc3 g6 4. f3 Bg7 5. Be3 O-O 6. g4 e5 7. Nge2 Nbd7 8. h4 exd4 9. Nxd4 c5 10. Ndb5 Ne5 11. Be2 Ne8 12. Nd5 a6 13. Nbc3 Be6 14. a4 Nc7 15. f4 Bxd5 16. exd5 Nd7 17. Qd2 Re8 18. h5 Bxc3 19. bxc3 Rxe3 20. Qxe3 Nxd5 21. Qf3 N5f6 22. hxg6 fxg6 23. Bc4+ Kg7 24. O-O-O b5 25. g5 Nh5 26. Be6 Nb6 27. a5 Na4 28. Rxh5 gxh5 29. Qxh5 Ra7 30. Qh6+ Kh8 31. Qf6+ Qxf6 32. gxf6 Nxc3 33. Rxd6 Ne2+ 34. Kd2 Nxf4 35. Rd8# 1-0

[Event "1st FIDE OWCCCC Pools-East 2021"]
[Site "Online"]
[Date "2021.02.19"]
[Round "1.26"]
[White "vmaric"]
[Black "Veronelli, Franco"]
[Result "1-0"]
[WhiteElo "1921"]
[BlackElo "1652"]
[Annotator "TA"]
[PlyCount "29"]
[EventDate "2021.02.19"]
[EventType "team-tourn"]
[EventCountry "NET"]
[SourceTitle "playchess.com"]
[Source "ChessBase"]
[SourceQuality "1"]

1. e4 e5 2. Nf3 Nf6 3. Nc3 Nc6 4. Bb5 d6 5. O-O Be7 6. d4 exd4 7. Nxd4 Bd7 8. Nxc6 Bxc6 9. Bxc6+ bxc6 10. Be3 O-O 11. f4 Nd7 12. Qg4 Nb6 13. Rad1 Nc4 14. Bd4 c5 15. Qxg7# 1-0

[Event "1st FIDE OWCCCC Pools-East 2021"]
[Site "Online"]
[Date "2021.02.19"]
[Round "1.26"]
[White "Povashevich, Nataliya"]
[Black "Van Splunter, Niels"]
[Result "0-1"]
[WhiteElo "1383"]
[BlackElo "2069"]
[Annotator "NA"]
[PlyCount "84"]
[EventDate "2021.02.19"]
[EventType "team-tourn"]
[EventCountry "NET"]
[SourceTitle "playchess.com"]
[Source "ChessBase"]
[SourceQuality "1"]

1. e4 d5 2. exd5 Qxd5 3. d4 Nf6 4. Nf3 Bg4 5. Be2 Nc6 6. c3 O-O-O 7. O-O h6 8. c4 Qa5 9. Bd2 Qf5 10. d5 Bxf3 11. Bxf3 Nd4 12. Na3 Nxf3+ 13. Qxf3 Qxf3 14. gxf3 e6 15. Be3 exd5 16. cxd5 Nxd5 17. Bxa7 Bxa3 18. bxa3 b6 19. a4 Kb7 20. Bxb6 cxb6 21. Rab1 Ra8 22. Rfd1 Nc3 23. Rd7+ Kc6 24. Rxf7 Nxb1 25. Rxg7 Rhg8 26. Rxg8 Rxg8+ 27. Kf1 Ra8 28. Ke2 Rxa4 29. Ke3 Rxa2 30. f4 Kd6 31. Ke4 Ke6 32. f5+ Kf6 33. f3 Ra5 34. h4 Rxf5 35. f4 Rh5 36. f5 Rxh4+ 37. Kd5 b5 38. Kc5 b4 39. Kd6 b3 40. Kd7 b2 41. Ke8 Rd4 42. Kf8 Rd8# 0-1

[Event "1st FIDE OWCCCC Pools-East 2021"]
[Site "Online"]
[Date "2021.02.19"]
[Round "1.27"]
[White "Meyer, Katja"]
[Black "Stangl, Anita"]
[Result "0-1"]
[WhiteElo "546"]
[BlackElo "2005"]
[Annotator "NA"]
[PlyCount "52"]
[EventDate "2021.02.19"]
[EventType "team-tourn"]
[EventCountry "NET"]
[SourceTitle "playchess.com"]
[Source "ChessBase"]
[SourceQuality "1"]

1. e4 e6 2. Nc3 d5 3. Nf3 Nf6 4. Bb5+ c6 5. Ba4 dxe4 6. Ne5 Bd6 7. Ng4 Nxg4 8. Qxg4 O-O 9. O-O f5 10. Qg3 Bxg3 11. fxg3 Nd7 12. d3 exd3 13. cxd3 Nc5 14. Rd1 Nxa4 15. Nxa4 Qd4+ 16. Kf1 Qxa4 17. Re1 e5 18. Rxe5 Qd1+ 19. Kf2 Qxd3 20. Kg1 Qd4+ 21. Kf1 Qxe5 22. Bd2 Qxb2 23. Rd1 Rd8 24. Ke1 Be6 25. Be3 Bc4 26. Bg5 Qe2# 0-1

[Event "1st FIDE OWCCCC Pools-East 2021"]
[Site "Online"]
[Date "2021.02.19"]
[Round "1.28"]
[White "Spruenken, Dirk"]
[Black "Iceborg"]
[Result "1-0"]
[WhiteElo "1941"]
[BlackElo "1162"]
[Annotator "NA"]
[PlyCount "71"]
[EventDate "2021.02.19"]
[EventType "team-tourn"]
[EventCountry "NET"]
[SourceTitle "playchess.com"]
[Source "ChessBase"]
[SourceQuality "1"]

1. Nf3 Nc6 2. c4 b6 3. g3 Nf6 4. Bg2 Bb7 5. O-O e6 6. d4 Be7 7. Nc3 O-O 8. e4 d6 9. a3 h6 10. b4 a6 11. Bb2 e5 12. dxe5 Nxe5 13. Nxe5 dxe5 14. Nd5 Bd6 15. Rc1 c5 16. f4 Nxd5 17. exd5 cxb4 18. fxe5 Bc5+ 19. Kh1 bxa3 20. Bd4 Rb8 21. Ra1 Qg5 22. Bxc5 bxc5 23. Qe2 h5 24. Rxa3 Rbe8 25. Re3 a5 26. Ra1 h4 27. Rxa5 hxg3 28. hxg3 Qh6+ 29. Kg1 Qb6 30. Ra1 Qc7 31. Re1 Qa5 32. Re4 Qc3 33. Re3 Qb4 34. Be4 Qb6 35. Qh5 Qb2 36. Qh7# 1-0

[Event "1st FIDE OWCCCC Pools-East 2021"]
[Site "Online"]
[Date "2021.02.19"]
[Round "1.29"]
[White "Tsichlis, Georgios"]
[Black "Rajaraman V"]
[Result "1-0"]
[WhiteElo "2167"]
[BlackElo "1872"]
[Annotator "NA"]
[PlyCount "59"]
[EventDate "2021.02.19"]
[EventType "team-tourn"]
[EventCountry "NET"]
[SourceTitle "playchess.com"]
[Source "ChessBase"]
[SourceQuality "1"]

1. e4 e6 2. d4 d5 3. Nd2 c5 4. exd5 exd5 5. Ngf3 Nc6 6. Bb5 Bd7 7. O-O Be7 8. dxc5 Bxc5 9. Nb3 Be7 10. c3 Nf6 11. h3 a6 12. Bd3 O-O 13. Re1 h6 14. Nbd4 Nxd4 15. Nxd4 Bd6 16. Qf3 Qc7 17. Bxh6 gxh6 18. Qxf6 Bf4 19. Nf5 Bxf5 20. Qxf5 f6 21. Qxd5+ Qf7 22. Qe4 Qc7 23. g3 Be5 24. Rad1 Qg7 25. Kg2 Rae8 26. Qf5 Bb8 27. Bc4+ Kh8 28. Rxe8 Rxe8 29. Rd7 Re5 30. Rd8+ 1-0

[Event "1st FIDE OWCCCC Pools-East 2021"]
[Site "Online"]
[Date "2021.02.19"]
[Round "1.29"]
[White "Duchesne, Raymond"]
[Black "Kachura, Denis"]
[Result "0-1"]
[WhiteElo "1894"]
[BlackElo "2088"]
[Annotator "ChessBase"]
[PlyCount "78"]
[EventDate "2021.02.19"]
[EventType "team-tourn"]
[EventCountry "NET"]
[SourceTitle "playchess.com"]
[Source "ChessBase"]
[SourceQuality "1"]

1. e4 c5 2. Nf3 Nc6 3. Bb5 g6 4. O-O Bg7 5. Bxc6 dxc6 6. d3 Bg4 7. c3 Nf6 8. h3 Bxf3 9. Qxf3 O-O 10. Rd1 e5 11. a4 Qe7 12. a5 Rfd8 13. Na3 Nd7 14. Nc4 Nf8 15. Qg3 Rd7 16. f4 exf4 17. Bxf4 Ne6 18. Be3 Rad8 19. Bf2 h5 20. Ne5 Bxe5 21. Qxe5 Rxd3 22. Rxd3 Rxd3 23. Qb8+ Kh7 24. Qxa7 Rd2 25. a6 Rxb2 26. Qb8 Qg5 27. Qg3 Qxg3 28. Bxg3 bxa6 29. Rxa6 Re2 30. e5 g5 31. Rxc6 Kg6 32. h4 g4 33. Rd6 Re3 34. Bf2 Rxc3 35. Rc6 g3 36. Be1 Rc1 37. Kf1 Kf5 38. Ke2 Rc2+ 39. Kd1 Rxg2 0-1

[Event "1st FIDE OWCCCC Pools-East 2021"]
[Site "Online"]
[Date "2021.02.19"]
[Round "1.29"]
[White "Patel, Roshan"]
[Black "Tuvshinbaatar, Dondovdorj"]
[Result "0-1"]
[WhiteElo "1570"]
[BlackElo "2180"]
[Annotator "NA"]
[PlyCount "114"]
[EventDate "2021.02.19"]
[EventType "team-tourn"]
[EventCountry "NET"]
[SourceTitle "playchess.com"]
[Source "ChessBase"]
[SourceQuality "1"]

1. Nf3 d5 2. c4 c6 3. e3 Nf6 4. d4 e6 5. Be2 Nbd7 6. b3 Bd6 7. Bb2 b6 8. Ne5 Nxe5 9. dxe5 Bb4+ 10. Nc3 Ne4 11. Rc1 Qg5 12. O-O Qxe5 13. Nxd5 Qxb2 14. Nc7+ Ke7 15. Nxa8 Nc3 16. Rxc3 Qxc3 17. Bf3 Bb7 18. Nc7 Bd6 19. Nb5 cxb5 20. Bxb7 bxc4 21. bxc4 Qxc4 22. Qd2 Qc7 23. Bf3 Rd8 24. Qb2 Bxh2+ 25. Kh1 Be5 26. Qb4+ Qd6 27. Qh4+ Bf6 28. Qxh7 g6 29. Rd1 Qxd1+ 30. Bxd1 Rh8 31. Qxh8 Bxh8 32. Bb3 a5 33. Kh2 Kd6 34. Kg3 b5 35. a4 b4 36. Kf4 Bf6 37. g4 Be7 38. e4 g5+ 39. Ke3 Ke5 40. f3 Bc5+ 41. Kd3 Kf4 42. Ke2 Bd4 43. Bc2 Bg7 44. Bb3 Ke5 45. Ke3 Bf8 46. Ke2 Kd4 47. Kd2 Bd6 48. Ke2 Kc3 49. Ba2 b3 50. Bb1 Bf4 51. Kd1 Kb2 52. Bd3 Ka1 53. Bb5 b2 54. Bd3 b1=Q+ 55. Bxb1 Kxb1 56. Ke2 Kc2 57. Kf2 Kb3 0-1

[Event "1st FIDE OWCCCC Pools-East 2021"]
[Site "Online"]
[Date "2021.02.19"]
[Round "1.30"]
[White "Amgalan, Ganbaatar"]
[Black "Ganesan, Sankar"]
[Result "1-0"]
[WhiteElo "1949"]
[BlackElo "2265"]
[Annotator "NA"]
[PlyCount "69"]
[EventDate "2021.02.19"]
[EventType "team-tourn"]
[EventCountry "NET"]
[SourceTitle "playchess.com"]
[Source "ChessBase"]
[SourceQuality "1"]

1. d4 d5 2. Bf4 Nc6 3. e3 e6 4. Nf3 Nf6 5. c3 h6 6. Bd3 a6 7. O-O Be7 8. Nbd2 O-O 9. Re1 Bd6 10. Bg3 Bxg3 11. hxg3 Re8 12. e4 Ne7 13. e5 Nd7 14. Nh4 c5 15. f4 cxd4 16. cxd4 Qb6 17. Nb3 Nc6 18. Nf3 a5 19. a4 f6 20. Bb5 fxe5 21. fxe5 Rf8 22. Rc1 Na7 23. Qd3 Nxb5 24. axb5 a4 25. Nc5 Rf5 26. Nh4 Rg5 27. Kh2 Nxe5 28. Rxe5 Rxe5 29. dxe5 Ra5 30. Qg6 Qxb5 31. Nxe6 Bxe6 32. Qxe6+ Kh7 33. Qg6+ Kg8 34. Rc8+ Qe8 35. Rxe8# 1-0

[Event "1st FIDE OWCCCC Pools-East 2021"]
[Site "Online"]
[Date "2021.02.19"]
[Round "1.30"]
[White "Panda, Priyabrata"]
[Black "Lautier, Joel"]
[Result "0-1"]
[WhiteElo "1572"]
[BlackElo "2658"]
[Annotator "TA"]
[PlyCount "92"]
[EventDate "2021.02.19"]
[EventType "team-tourn"]
[EventCountry "NET"]
[SourceTitle "playchess.com"]
[Source "ChessBase"]
[SourceQuality "1"]

1. e4 c5 2. Nf3 e6 3. a3 Nc6 4. Bb5 Nge7 5. c3 a6 6. Ba4 b5 7. Bc2 d5 8. d3 g6 9. O-O Bg7 10. Bg5 h6 11. Bd2 O-O 12. Qc1 Kh7 13. h3 e5 14. Nh2 d4 15. f4 f5 16. Qe1 fxe4 17. dxe4 d3 18. Bd1 c4 19. Ng4 exf4 20. Bxf4 g5 21. Bd2 Be6 22. Be3 Rxf1+ 23. Qxf1 Ng6 24. Nd2 Qe7 25. Bf3 Rf8 26. Nh2 Nh4 27. Qd1 Ne5 28. a4 b4 29. Bd4 Nc6 30. Bxg7 Qxg7 31. Rc1 bxc3 32. bxc3 Rb8 33. Rb1 Qxc3 34. Rxb8 Nxb8 35. Ndf1 Nc6 36. Ng4 Qd4+ 37. Kh1 c3 38. Qb1 c2 39. Qb7+ Bd7 40. Nf6+ Qxf6 41. Qxd7+ Kh8 42. Qc8+ Kg7 43. Qd7+ Ne7 44. Qxd3 c1=Q 45. Be2 Qf2 46. Bf3 Qcxf1+ 0-1

[Event "1st FIDE OWCCCC Pools-East 2021"]
[Site "Online"]
[Date "2021.02.19"]
[Round "1.30"]
[White "x1ffe"]
[Black "Santos Martinez, Guillermo"]
[Result "1-0"]
[WhiteElo "1374"]
[BlackElo "1947"]
[Annotator "NA"]
[PlyCount "99"]
[EventDate "2021.02.19"]
[EventType "team-tourn"]
[EventCountry "NET"]
[SourceTitle "playchess.com"]
[Source "ChessBase"]
[SourceQuality "1"]

1. e4 e5 2. Nf3 Nc6 3. Bc4 Nf6 4. Ng5 d5 5. exd5 Nxd5 6. Qf3 Be6 7. Nxe6 fxe6 8. O-O Nd4 9. Qh5+ g6 10. Qxe5 Qf6 11. Qe4 O-O-O 12. c3 b5 13. Bd3 Nf5 14. Bxb5 Bd6 15. Bc6 Qe5 16. Qxe5 Bxe5 17. d4 Bd6 18. Nd2 h5 19. Ne4 h4 20. Bg5 Rdf8 21. h3 Rh5 22. Rae1 Nfe7 23. Ba4 c5 24. Nxd6+ Kc7 25. Nb5+ Kb6 26. Rxe6+ Ka5 27. b3 Rxg5 28. Rfe1 Rb8 29. R1e5 Rxe5 30. Rxe5 a6 31. Nc7 Nxc7 32. Rxe7 Nd5 33. Re5 Nxc3 34. Rxc5+ Kb6 35. Rxc3 a5 36. Rc6+ Ka7 37. Rxg6 Rd8 38. Rg4 Kb6 39. Rxh4 Re8 40. Rh6+ Kc7 41. d5 Re1+ 42. Kh2 Ra1 43. Rc6+ Kd8 44. d6 Rxa2 45. Ra6 Rxf2 46. d7 Rf7 47. Ra8+ Kc7 48. d8=Q+ Kb7 49. Qc8+ Kb6 50. Ra6# 1-0

[Event "1st FIDE OWCCCC Pools-East 2021"]
[Site "Online"]
[Date "2021.02.19"]
[Round "1.31"]
[White "Dzwonkowski, Adam"]
[Black "Sumithra, Thevaky U"]
[Result "1-0"]
[WhiteElo "2009"]
[BlackElo "1052"]
[Annotator "TA"]
[PlyCount "27"]
[EventDate "2021.02.19"]
[EventType "team-tourn"]
[EventCountry "NET"]
[SourceTitle "playchess.com"]
[Source "ChessBase"]
[SourceQuality "1"]

1. d4 d5 2. Nf3 e6 3. Bf4 Nc6 4. e3 f6 5. c4 e5 6. dxe5 fxe5 7. Bg5 Qd7 8. cxd5 Nce7 9. e4 h6 10. Nxe5 Qd8 11. Qh5+ g6 12. Nxg6 Nxg6 13. Qxg6+ Kd7 14. Qe6# 1-0